000 00763nas a2200253 4500
001 BR0602410
003 BR-BrBNA
005 20231205110034.0
007 ta
008 230509b bl.|||p| |||| 00| 00por d
040 _aBR-BrBNA
_bpor
_cBiblioteca Nacional de Agricultura
041 _a(Pt)
072 _aL72; L70
100 1 _aMolento, M.B.
245 1 _aResistência parasitária em helmintos de eqüídeos e propostas de manejo
650 _aEQÜINO
650 _aHELMINTO
650 _aINFECÇÃO
650 _aMEDICAMENTO
650 _aRESISTÊNCIA A PRODUTOS QUÍMICOS
773 0 _tCiência Rural (Brazil)
_xISSN 0103-8478
_g(Nov-Dec 2005), v. 35(6) p. 1469-1477
_wBR0602410
909 _a202311
_bLúcia
_c55
_dLúcia Elande
942 _2AGRIS
_n0
_cANA
999 _c185934
_d185934